Managerial Economics <A> Mathematical Approach

Uložené v:
Podrobná bibliografia
Hlavný autor: Alhabeeb, M. J.
Ďalší autori: Moffit, L. Joe
Médium: Kniha
Jazyk:English
Vydavateľské údaje: Hoboken John Wiley & Sons 2012
Predmet:
Tagy: Pridať tag
Žiadne tagy, Buďte prvý, kto otaguje tento záznam!

MARC

LEADER 00000nam a2200000 4500
001 0279654
005 20240416113604.9
020 |a 978-1-118-09136-4 
041 0 |a eng 
044 |a US 
245 1 0 |a Managerial Economics  |b <A> Mathematical Approach  |c M. J. Alhabeeb, L. Joe Moffit 
264 1 |a Hoboken  |b John Wiley & Sons  |c 2012 
300 |a 584 s. 
610 2 0 |a ekonómia 
610 2 0 |a manažment 
610 2 0 |a matematika 
610 2 0 |a spotrebitelia 
610 2 0 |a rozhodovanie manažérske 
610 2 0 |a firmy 
610 2 0 |a trh 
610 2 0 |a investície 
100 1 |a Alhabeeb, M. J. 
700 1 |a Moffit, L. Joe